| 000 | 00688nam a22002172 4500 | ||
|---|---|---|---|
| 001 | 0000004213 | ||
| 005 | 20151217155208.0 | ||
| 008 | 070521s xx 000 0 eng d | ||
| 020 | _a0442012535 : | ||
| 040 |
_aKABU _cKABU |
||
| 050 | 0 |
_aQA374 _b.B54 |
|
| 100 | 1 |
_aBleecker, David. _@0000154659 |
|
| 245 | 1 | 0 |
_aBasic partial differential equations / _cDavid Bleecker, George Csordas. |
| 260 |
_aNew York : _bVan Nostrand Reinhold, _cc1992. |
||
| 300 |
_b1 v. (various pagings) ; _c25 cm. |
||
| 650 | 0 |
_aDifferential equations, Partial. _@0000154660 |
|
| 700 | 1 |
_aCsordas, George. _@0000154661 |
|
| 908 | _a070521 | ||
| 950 | _@1 | ||
| 999 |
_c11921 _d11921 |
||